Normal view
MARC view
Entry Personal Name
001 - CONTROL NUMBER
- control field: 12958
003 - CONTROL NUMBER IDENTIFIER
- control field: OSt
005 - DATE AND TIME OF LATEST TRANSACTION
- control field: 20190919114855.0
008 - FIXED-LENGTH DATA ELEMENTS
- fixed length control field: 190919|| aca||aabn | a|a d
040 ## - CATALOGING SOURCE
- Original cataloging agency: OSt
- Transcribing agency: OSt
100 ## - HEADING--PERSONAL NAME
- Personal name: Edited by William, E. Dismukes; Peter, G. Pappas; Jack D. Sobel
670 ## - SOURCE DATA FOUND
- Source citation: Work cat.: (OSt): Edited by William, E. Dismukes; Peter, G. Pappas; Jack D. Sobel, Clinical Mycology, 2003
